Charactterization and properties of HNBR/zinc methacrylate/fluorine-containing monomer vulcanizates (Record no. 55461)

MARC details
000 -LEADER
fixed length control field 00506nam a2200157Ia 4500
100 ## - MAIN ENTRY--AUTHOR NAME
Personal name Sakurai S
245 #0 - TITLE STATEMENT
Title Charactterization and properties of HNBR/zinc methacrylate/fluorine-containing monomer vulcanizates
260 ## - PUBLICATION, DISTRIBUTION, ETC. (IMPRINT)
Name of publisher Proceedings of the International Rubber Conference, Kobe, Japan, 1995; p337-340
650 ## - SUBJECT ADDED ENTRY--TOPICAL TERM
Topical Term Curing
650 ## - SUBJECT ADDED ENTRY--TOPICAL TERM
Topical Term Hydrogenated nitile rubber
700 ## - ADDED ENTRY--PERSONAL NAME
Personal name Ikeda T
700 ## - ADDED ENTRY--PERSONAL NAME
Personal name Kohjiya S
700 ## - ADDED ENTRY--PERSONAL NAME
Personal name Nakano K
942 ## - ADDED ENTRY ELEMENTS (KOHA)
Koha item type Journals
Holdings
Withdrawn status Lost status Damaged status Not for loan Home library Current library Shelving location Date acquired Koha item type
      Journals RRII Library RRII Library Rubber chemistry 17/12/2021 Journals